• 首页
  • 本馆介绍
  • 公告通知
  • 最新文献
  • 馆藏检索
  • 电子资源
  • 读者导购
  • 参考咨询
  • 我的图书馆
  • 登录
  • 详细信息显示
  • 放入我的书架
  • 预约/预借图书
  • 作者相关作品
  • 分类相关作品
  • 丛书相关作品
  • 出版社相关作品

书目信息

  • 表格格式
  • 工作单格式
  • 卡片格式
书名: Management of electronic media =
作者: Alan B. Albarran :
分册号:
分册名:
出版地: Beijing :
 
出版社: Peking University Press
出版时间: 2004.
页数: xv, 328 p. :
开本: 23 cm.
丛书名: 世界传播学经典教材
中图分类号:
科图分类号:
其他分类号: G206.2
主题词:
电子资源:
000 00876nam 2200253 a 4504
001 E1231009187
005 20120419083850.92
008 010508s2004 cc a b 001 0 eng d
020    @a7301067186 :@cCNY42.00.
040    @aCcBjTSG
050 00 @aP96.M34@bA4 2002
090    @aG206.2@bA327
090    @aG206.2
096    @aG206.2
099    @dG206.2@ex67
100 1  @aAlbarran, Alan B.
245 10 @aManagement of electronic media =@b电子媒介经营管理 / @cAlan B. Albarran : @kmonograph.
246 31 @a电子媒介经营管理
260    @aBeijing :@bPeking University Press,@c2004.
300    @axv, 328 p. :@bill. ;@c23 cm.
440  0 @a世界传播学经典教材
504    @aIncludes bibliographical references and index.
534    @pReprint. Originally published :@cBelmont, CA : Wadsworth/Thompson Learning, c2002,@b2nd ed.@z0534561918.
650  0 @aMass media@xManagement.
    
    Management of electronic media = : 电子媒介经营管理 / / Alan B. Albarran : .-Beijing : : Peking University Press, , 2004.
    xv, 328 p. : : ill. ; ; 23 cm.- (世界传播学经典教材 )
    Includes bibliographical references and index.
    
    ISBN 7301067186 :CNY42.00.
    
●
相关链接 在E读中查询图书 在五车中查询图书 在当当中查询图书 在豆瓣中查询图书


正题名:Management of electronic media =     索取号:G206.2/x67         预约/预借

序号 登录号 条形码 馆藏地/架位号 状态 备注
1 17981   300179811   第二样本阅览室/ [索取号:G206.2/x67] 在馆    
2 17982   300179820   第四借阅区/ [索取号:G206.2/x67] 在馆    
3 17983   300179839   第四借阅区/ [索取号:G206.2/x67] 在馆    
4 17984   300179848   第四借阅区/ [索取号:G206.2/x67] 在馆    
5 17985   300179857   第四借阅区/ [索取号:G206.2/x67] 在馆    
唐山师范学院图书馆 欢迎您!
大连网信软件有限公司© 版权所有